Catalogue : the Palmyra collection : Ny Carlsberg Glyptotek /

Saved in:

Corporate Author: Ny Carlsberg glyptotek.

Other Authors: Mortensen, Eva., Nielsen, Anne Marie, 1949-

Format: Book

Language: English

Published: [Copenhagen] : Ny Carlsberg Glyptotek, 2019.

Series: Catalogues of the collections in the Ny Carlsberg Glyptotek.

Subjects:

Tags: Add Tag

No Tags, Be the first to tag this record!

Call Number: N5460 .N9

LEADER 01060nam a22003017a 4500
003 OSt
005 20260201083018.0
008 010226t2019 dk a g c 000 0 eng d
020 |a 9788774523642 
040 |c ARCE Library 
043 |a a-sy--- 
050 1 4 |a N5460  |b .N9 
110 2 |a Ny Carlsberg glyptotek. 
245 1 4 |a Catalogue :  |b the Palmyra collection : Ny Carlsberg Glyptotek /  |c Rubina Raja ; editors Eva Mortensen, Anne Marie Nielsen. 
260 |a [Copenhagen] :  |b Ny Carlsberg Glyptotek,  |c 2019. 
300 |a 511 pages :  |b many color illustrations ;  |c 22 cm. 
490 0 |a Catalogues of the collections in the Ny Carlsberg Glyptotek. 
504 |a Bibliography : pages 490-503. 
610 2 0 |a Ny Carlsberg glyptotek  |v Catalogs. 
650 0 |a Architecture, Ancient  |z Syria  |z Tadmur. 
650 0 |a Art, Ancient  |z Syria  |z Tadmur. 
651 0 |a Tadmur (Syria)  |x Antiquities  |v Catalogs. 
700 1 |a Mortensen, Eva. 
700 1 |a Nielsen, Anne Marie,  |d 1949- 
710 2 |a Ny Carlsberg glyptotek. 
901 |a reviewed 
942 |2 lcc  |c BK 
999 |c 31204  |d 31204